000 00266nam a2200109Ia 4500
005 20251222140037.0
008 251222s1900||||xx |||||||||||||| ||spa||
082 _a190.85/U61
245 0 _aEl Pensamiento en el Perú y América Latina
264 _bUNMSM
942 _cLIB
999 _c3168
_d3168